书目信息 |
| 题名: |
听力损伤人士康复社会工作实务手册
|
|
| 作者: | ;香港聋人福利促进会 著 | |
| 分册: | ||
| 出版信息: | 广州 中山大学出版社 2018.01 |
|
| 页数: | 127页 | |
| 开本: | 23cm | |
| 丛书名: | ||
| 单 册: | ||
| 中图分类: | R764.43-62 | |
| 科图分类: | ||
| 主题词: | 听力损害--康复训练--社会工作--手册 | |
| 电子资源: | ||
| ISBN: | 978-7-306-06209-3 | |
| 000 | 01044nam0 2200241 450 | |
| 001 | 0108153914 | |
| 005 | 20210308154403.0 | |
| 010 | @a978-7-306-06209-3@dCNY28.00 | |
| 100 | @a20181129d2018 em y0chiy50 ea | |
| 101 | 0 | @achi |
| 102 | @aCN@b440000 | |
| 105 | @ay z 000yy | |
| 106 | @ar | |
| 200 | 1 | @a听力损伤人士康复社会工作实务手册@Ating li sun shang ren shi kang fu she hui gong zuo shi wu shou ce@f香港聋人福利促进会著 |
| 210 | @a广州@c中山大学出版社@d2018.01 | |
| 215 | @a127页@d23cm | |
| 300 | @a社会工作实务手册(第二辑)康复社会工作实务系列/社会服务发展研究中心主编 | |
| 330 | @a本书以康复助医为目标,针对听力损伤人士的病理特征和特殊需要,系统阐述听力损伤人士康复社会工作观念的历史演变、理论及方法的历史发展,政策法律体系的演化,并借助实际案例,系统介绍听力损伤人士康复社会工作的基本理论与操作方法。 | |
| 606 | 0 | @a听力损害@x康复训练@x社会工作@j手册 |
| 690 | @aR764.43-62@v5 | |
| 711 | 02 | @a香港聋人福利促进会@Axiang gang long ren fu li cu jin hui@4著 |
| 801 | 0 | @aCN@bBJSZM@c20210308 |
| 905 | @b1272839-42@dR764.43-62@e9@f4 | |
| 听力损伤人士康复社会工作实务手册/香港聋人福利促进会著.-广州:中山大学出版社,2018.01 |
| 127页;23cm |
| 社会工作实务手册(第二辑)康复社会工作实务系列/社会服务发展研究中心主编 |
| ISBN 978-7-306-06209-3:CNY28.00 |
| 本书以康复助医为目标,针对听力损伤人士的病理特征和特殊需要,系统阐述听力损伤人士康复社会工作观念的历史演变、理论及方法的历史发展,政策法律体系的演化,并借助实际案例,系统介绍听力损伤人士康复社会工作的基本理论与操作方法。 |
| ● |
| 相关链接 |
|
|
|
|
正题名:听力损伤人士康复社会工作实务手册
索取号:R764.43-62/9
 
预约/预借
| 序号 | 登录号 | 条形码 | 馆藏地/架位号 | 状态 | 备注 |
| 1 | 1272839 | 212728397 | 第二样本阅览室/ [索取号:R764.43-62/9] | 在馆 | |
| 2 | 1272840 | 212728404 | 教育系资料室/ [索取号:R764.43-62/9] | 在馆 | |
| 3 | 1272841 | 212728413 | 教育系资料室/ [索取号:R764.43-62/9] | 在馆 | |
| 4 | 1272842 | 212728422 | 第三借阅区/ [索取号:R764.43-62/9] | 在馆 |